Euro 2020 Group A - Turkey - Italy - Statistics

General Stats
  • This quiz has been taken 249 times
  • The average score is 18 of 33
Answer Stats
Player % Correct
Merih Demiral
85%
Burak Yılmaz
84%
Ciro Immobile ¹
81%
Gianluigi Donnarumma
80%
Giorgio Chiellini
78%
Leonardo Bonucci
78%
Çağlar Söyüncü
75%
Hakan Çalhanoğlu
75%
Lorenzo Insigne ¹
70%
Uğurcan Çakır
69%
Federico Chiesa
65%
Roberto Mancini
65%
Zeki Çelik
64%
Nicolò Barella
63%
Leonardo Spinazzola
61%
Cengiz Ünder
58%
Giovanni Di Lorenzo
57%
Jorginho
56%
Manuel Locatelli
52%
Domenico Berardi
49%
Ozan Tufan
49%
Okay Yokuşlu
47%
Şenol Güneş
46%
Yusuf Yazıcı
42%
Umut Meraş
41%
Alessandro Florenzi
39%
İrfan Kahveci
38%
Andrea Belotti
37%
Federico Bernardeschi
34%
Kaan Ayhan
34%
Kenan Karaman
34%
Bryan Cristante
23%
Halil Dervişoğlu
18%
No matching quizzes found
Score Distribution
Percent of People with Each Score
Percentile by Number Answered
Your Score History
You have not taken this quiz